Financovanie podniku, jeho majetková, finančná a kapitálová štruktúra bakalárska práca

Enregistré dans:
Détails bibliographiques
Auteur principal: Makki, Ján
Collectivité auteur: Fakulta podnikového manažmentu EU. Katedra podnikovohospodárska
Autres auteurs: Foltínová, Ľubica, 1975-
Format: Livre
Langue:slovaque
Publié: Bratislava 2011
Tags: Ajouter un tag
Pas de tags, Soyez le premier à ajouter un tag!

MARC

LEADER 00000nbm a2200000 4500
001 0140148
005 20161109111708.5
041 0 |a slo 
044 |a SK 
245 1 0 |a Financovanie podniku, jeho majetková, finančná a kapitálová štruktúra  |b bakalárska práca  |c Ján Makki ; školiteľ:Ľubica Foltínová 
264 1 |a Bratislava  |c 2011 
300 |a 39 s. 
100 1 |a Makki, Ján 
700 1 |a Foltínová, Ľubica, 1975- 
710 2 |a Fakulta podnikového manažmentu EU. Katedra podnikovohospodárska